கட்டுரைக் களஞ்சியம் : தரம் 5 /

Katturai kalanjiyam : tharam 5
Saved in:
Bibliographic Details
Format: Book
Language:Sinhalese
Published: கண்டி : மாணவர் வௌியீட்டகம், 2022.
Tags: Add Tag
No Tags, Be the first to tag this record!

MARC

LEADER 00000nam a22000007a 4500
003 LK-CoNLD
005 20251231152934.0
008 251231b ||||| |||| 00| 0 sin d
017 |b LK-CoDNA 
020 |a 9786245851089 
040 |a LK-CoNLD  |b TAM  |c LK-CoNLD  |d LK-CoNLD 
082 |2 23  |q LK-CoNLD  |a 894.8114 
245 |a கட்டுரைக் களஞ்சியம்  |b  : தரம் 5 /  |c நிர்மலன் பாலகௌரி சக இ. நிர்மலன். 
260 |a கண்டி :  |b மாணவர் வௌியீட்டகம்,  |c 2022. 
300 |a ப. ii, 77 ; 
880 |6 245-1  |a Katturai kalanjiyam : tharam 5 
942 |c BOOK 
999 |c 296250  |d 296250 
945 |a 22  |b Logeshwary RAMASAMY  |c 22  |d Logeshwary RAMASAMY